| 000 | 00725nam a2200253Ia 4500 | ||
|---|---|---|---|
| 003 | OSt | ||
| 005 | 20221005091424.0 | ||
| 006 | a|||||r|||| 00| 0 | ||
| 007 | ta | ||
| 008 | 221004b |||||||| |||| 00| 0 eng d | ||
| 020 | _a0333608828 (pbk) | ||
| 024 | _a122534 | ||
| 037 |
_bGift, 29/10/2012, _cTextual |
||
| 040 |
_aCRL _cCRL _beng |
||
| 041 |
_2eng _aeng |
||
| 082 | _aY:1, P0 | ||
| 100 | _aParekh Bhikhu | ||
| 245 | 0 |
_aRethinking multiculturalism _b Cultral diversity and political theory |
|
| 260 |
_aNew York _bPalgrave Macmillan U.S.A _c2000 |
||
| 300 |
_axii, 379p. _ccm. |
||
| 650 | _aSOCIOLOGY | ||
| 942 |
_hY:1, P0 _cTEXL _2cc |
||
| 999 |
_c997219 _d997219 |
||